| 000 | 00389nam a2200157Ia 4500 | ||
|---|---|---|---|
| 008 | 151213s9999 xx 000 0 und d | ||
| 100 | _aAzizul Hakeem | ||
| 245 |
_aCrises and Confrontation _cAzizul Hakeem |
||
| 250 | _a1st | ||
| 260 |
_aChittagong _bAzizul Hakeem _c1970 |
||
| 300 | _a4303 p. | ||
| 650 | _aLiterature | ||
| 650 | _aLiterature | ||
| 700 | _aAzizul Hakeem | ||
| 999 |
_c2717 _d2717 |
||